Skip to main content
Your cart is empty.
Your lists
Log in to create your own lists
Your cookies
العربية
English
العربية
Home
Search
Advanced search
Authority search
About
The noble scholar, jurist, historian
His Excellency Dr. Abdul Wahhab bin Ibrahim Abu Sulaiman, may Allah have mercy on him.
He was born in Umm Al-Qura in the year 1356 AH.
Library catalog
Title
Author
Subject
ISBN
ISSN
Series
Call number
Log in to your account
×
Login:
Password:
Home
MARC view: لطائف المنن في قواعد السنن
Normal view
MARC view
ISBD view
لطائف المنن في قواعد السنن (Record no. 14487)
[
view plain
]
MARC details
000 -LEADER
fixed length control field
01137cam a22002771i 4500
003 - CONTROL NUMBER IDENTIFIER
control field
SA-RiAUC
005 - DATE AND TIME OF LATEST TRANSACTION
control field
20260306125705.0
008 - FIXED-LENGTH DATA ELEMENTS--GENERAL INFORMATION
fixed length control field
260303s2017____jo f 000 0 ara c
020 ## - INTERNATIONAL STANDARD BOOK NUMBER
International Standard Book Number
9789957234416
035 ## - SYSTEM CONTROL NUMBER
System control number
ADRIF2018-1185
040 ## - CATALOGING SOURCE
Original cataloging agency
SA-JeALM
Language of cataloging
ara
Transcribing agency
SA-RiAUC
Description conventions
rda
050 #4 - LIBRARY OF CONGRESS CALL NUMBER
Item number
.J39 2017
082 04 - DEWEY DECIMAL CLASSIFICATION NUMBER
Classification number
237.3
090 ## - LOCALLY ASSIGNED LC-TYPE CALL NUMBER (OCLC); LOCAL CALL NUMBER (RLIN)
Classification number (OCLC) (R) ; Classification number, CALL (RLIN) (NR)
237.3
Local cutter number (OCLC) ; Book number/undivided call number, CALL (RLIN)
ق ر ا
100 1# - MAIN ENTRY--PERSONAL NAME
Personal name
القرافي، علي بن احمد
Dates associated with a name
توفى 940 هـ
Relator term
مؤلف.
245 10 - TITLE STATEMENT
Title
لطائف المنن في قواعد السنن
Statement of responsibility, etc.
نور الدين أبي الحسن علي بن أحمد الأنصاري القرافي ، تحقيق عبدالمجيد جمعة الجزائري .
250 ## - EDITION STATEMENT
Edition statement
الطبعة الأولى.
264 #1 - PRODUCTION, PUBLICATION, DISTRIBUTION, MANUFACTURE, AND COPYRIGHT NOTICE
Place of production, publication, distribution, manufacture
أبوظبي. الامارات العربية المتحدة :
Name of producer, publisher, distributor, manufacturer
مؤسسة بينونة،
Date of production, publication, distribution, manufacture, or copyright notice
2014
300 ## - PHYSICAL DESCRIPTION
Extent
56 صفحة ؛
Dimensions
24 سم
336 ## - CONTENT TYPE
Content type term
نص
Content type code
txt
Source
rdacontent
Materials specified
كتاب
337 ## - MEDIA TYPE
Media type term
بدون وسيط
Media type code
n
Source
rdamedia
650 #7 - SUBJECT ADDED ENTRY--TOPICAL TERM
Topical term or geographic name entry element
علم الحديث
Source of heading or term
aucsh
700 ## - ADDED ENTRY--PERSONAL NAME
Personal name
الجزائري، عبدالمجيد جمعة
Relator term
محقق.
942 ## - ADDED ENTRY ELEMENTS (KOHA)
Source of classification or shelving scheme
Dewey Decimal Classification
Koha item type
Books
Suppress in OPAC
No
949 ## - LOCAL PROCESSING INFORMATION (OCLC)
a
SA-JeALM
d
260303
u
osman123
n
1
Holdings
Withdrawn status
Lost status
Source of classification or shelving scheme
Damaged status
Not for loan
Home library
Current library
Date acquired
Total checkouts
Full call number
Barcode
Date last seen
Price effective from
Koha item type
Dewey Decimal Classification
DR AbdElwahab Library
DR AbdElwahab Library
03/06/2026
237.3 ق ر ا
000022940
03/06/2026
03/06/2026
Books
Place hold
Print
Add to your cart
(remove)
Save record
BIBTEX
Dublin Core
MARCXML
MARC (non-Unicode/MARC-8)
MARC (Unicode/UTF-8)
MARC (Unicode/UTF-8, Standard)
MODS (XML)
RIS
ISBD
More searches
Search for this title in:
Other Libraries (WorldCat)
Other Databases (Google Scholar)
Online Stores (Bookfinder.com)
Open Library (openlibrary.org)
Exporting to Dublin Core...
×
Simple DC-RDF
OAI-DC
SRW-DC